<?xml version="1.0" encoding="UTF-8"?>
<record
    xmlns:xsi="http://www.w3.org/2001/XMLSchema-instance"
    xsi:schemaLocation="http://www.loc.gov/MARC21/slim http://www.loc.gov/standards/marcxml/schema/MARC21slim.xsd"
    xmlns="http://www.loc.gov/MARC21/slim">

  <leader>02730nam a2200481Ia 4500</leader>
  <controlfield tag="001">dia_4918</controlfield>
  <controlfield tag="003">CHAP</controlfield>
  <controlfield tag="005">20240408082434.0</controlfield>
  <controlfield tag="007">ta</controlfield>
  <controlfield tag="008">220117s2010    mx ade f      001 0 spa d</controlfield>
  <datafield tag="040" ind1=" " ind2=" ">
    <subfield code="c">CHAP</subfield>
    <subfield code="a">mxchpua</subfield>
  </datafield>
  <datafield tag="090" ind1=" " ind2=" ">
    <subfield code="a">T.C.553 </subfield>
    <subfield code="b">S99 EIUPA </subfield>
    <subfield code="c">2010</subfield>
  </datafield>
  <datafield tag="245" ind1="1" ind2="0">
    <subfield code="a">Hielo y Congelaci&#xF3;n del Pac&#xED;fico, S.A. de C.V. /</subfield>
    <subfield code="c">coordinadora Rosa Guadalupe Szymanski Duque ; colaboradores Jessica Aguilar Villarreal...[y otros]</subfield>
  </datafield>
  <datafield tag="260" ind1=" " ind2=" ">
    <subfield code="a">M&#xE9;xico :</subfield>
    <subfield code="b">El autor,</subfield>
    <subfield code="c">2010</subfield>
  </datafield>
  <datafield tag="300" ind1=" " ind2=" ">
    <subfield code="a">79 hojas : </subfield>
    <subfield code="b">ilustraciones, tablas, gr&#xE1;ficas, mapas, planos </subfield>
  </datafield>
  <datafield tag="336" ind1=" " ind2=" ">
    <subfield code="2">rdacontent</subfield>
    <subfield code="a">Texto</subfield>
    <subfield code="b">txt</subfield>
  </datafield>
  <datafield tag="337" ind1=" " ind2=" ">
    <subfield code="2">rdamedia</subfield>
    <subfield code="a">no mediado</subfield>
    <subfield code="b">n</subfield>
  </datafield>
  <datafield tag="338" ind1=" " ind2=" ">
    <subfield code="2">rdacarrier</subfield>
    <subfield code="a">volumen</subfield>
    <subfield code="b">nc</subfield>
  </datafield>
  <datafield tag="500" ind1=" " ind2=" ">
    <subfield code="a">Grado: 7&#xB0; a&#xF1;o Grupo: 04</subfield>
  </datafield>
  <datafield tag="502" ind1=" " ind2=" ">
    <subfield code="a">Viaje de estudios </subfield>
    <subfield code="b">(EIUPA) -- </subfield>
    <subfield code="c">UACh. Departamento de Ingenier&#xED;a Agroindustrial, </subfield>
    <subfield code="d">2012</subfield>
  </datafield>
  <datafield tag="504" ind1=" " ind2=" ">
    <subfield code="a">Bibliograf&#xED;a: hoja 79</subfield>
  </datafield>
  <datafield tag="505" ind1="0" ind2="0">
    <subfield code="a">7 planos : --
1.Plano de distribuci&#xF3;n de equipos (Esc. 1:100) --
2.Diagrama de flujo --
3.Diagrama de flujo (2) --
4.Diagrama de recorrido de hielo y purificaci&#xF3;n de agua (Esc. 1:100) --
5.Diagrama de tuber&#xED;a e instrumentaci&#xF3;n DTI (Esc. 1:100) --
6.Diagrama de tuber&#xED;a e instrumentaci&#xF3;n embotelladora de agua --
7.Plano de distribuci&#xF3;n de &#xE1;reas (Esc. 1:100)</subfield>
  </datafield>
  <datafield tag="650" ind1="1" ind2="3">
    <subfield code="a">Agua embotellada  </subfield>
    <subfield code="9">157037</subfield>
  </datafield>
  <datafield tag="650" ind1="1" ind2="3">
    <subfield code="a">Hielo  </subfield>
    <subfield code="9">55288</subfield>
  </datafield>
  <datafield tag="650" ind1="1" ind2="3">
    <subfield code="a">Bottled water  </subfield>
    <subfield code="9">157038</subfield>
  </datafield>
  <datafield tag="650" ind1="1" ind2="3">
    <subfield code="a">Ice</subfield>
    <subfield code="9">157039</subfield>
  </datafield>
  <datafield tag="700" ind1="1" ind2=" ">
    <subfield code="a">Szymanski Duque, Rosa Guadalupe</subfield>
    <subfield code="9">151434</subfield>
    <subfield code="e">coordinadora</subfield>
  </datafield>
  <datafield tag="700" ind1="1" ind2=" ">
    <subfield code="a">Aguilar Villarreal, Jessica</subfield>
    <subfield code="9">2875</subfield>
    <subfield code="e">colaboradora</subfield>
  </datafield>
  <datafield tag="856" ind1="4" ind2="2">
    <subfield code="u">http://10.13.5.2/ve/TC553EIUPA/TC553EIUPA2010-REPORTE.pdf</subfield>
    <subfield code="y">DESCARGAR REPORTE </subfield>
  </datafield>
  <datafield tag="856" ind1="4" ind2="2">
    <subfield code="u">http://10.13.5.2/ve/TC553EIUPA/TC553EIUPA2010-PLANO-DTIEMBOTELLADORADEAGUA.pdf</subfield>
    <subfield code="y">DESCARGAR PLANO DTI EMBOTELLADORA DE AGUA </subfield>
  </datafield>
  <datafield tag="856" ind1="4" ind2="2">
    <subfield code="u">http://10.13.5.2/ve/TC553EIUPA/TC553EIUPA2010-PLANO-DTIHIELERA.pdf</subfield>
    <subfield code="y">DESCARGAR PLANO DTI HIELERA</subfield>
  </datafield>
  <datafield tag="856" ind1="4" ind2="2">
    <subfield code="u">http://10.13.5.2/ve/TC553EIUPA/TC553EIUPA2010-PLANO-DISTRIBUCIONDEEQUIPOS.pdf</subfield>
    <subfield code="y">DESCARGAR PLANO DISTRIBUCI&#xD3;N DE EQUIPOS </subfield>
  </datafield>
  <datafield tag="856" ind1="4" ind2="2">
    <subfield code="u">http://10.13.5.2/ve/TC553EIUPA/TC553EIUPA2010-PLANO-DISTRIBUCIONDEAREAS.pdf</subfield>
    <subfield code="y">DESCARGAR PLANO DISTRIBUCI&#xD3;N DE &#xC1;REAS </subfield>
  </datafield>
  <datafield tag="856" ind1="4" ind2="2">
    <subfield code="u">http://10.13.5.2/ve/TC553EIUPA/TC553EIUPA2010-PLANO-FLUJOAGUACORREGIDO.pdf</subfield>
    <subfield code="y">DESCARGAR PLANO DE FLUJO DE AGUA CORREGIDO</subfield>
  </datafield>
  <datafield tag="856" ind1="4" ind2="2">
    <subfield code="u">http://10.13.5.2/ve/TC553EIUPA/TC553EIUPA2010-PLANO-DIAGRAMARECORRIDO.pdf</subfield>
    <subfield code="y">DESCARGAR PLANO DE DIAGRAMA DE RECORRIDO </subfield>
  </datafield>
  <datafield tag="856" ind1="4" ind2="2">
    <subfield code="u">http://10.13.5.2/ve/TC553EIUPA/TC553EIUPA2010-PLANO-DIAGRAMADEFLUJO.pdf</subfield>
    <subfield code="y">DESCARGAR PLANO DE DIAGRAMA DE FLUJO</subfield>
  </datafield>
  <datafield tag="901" ind1=" " ind2=" ">
    <subfield code="a">T.C.553 S99 EIUPA 2010</subfield>
  </datafield>
  <datafield tag="902" ind1=" " ind2=" ">
    <subfield code="a">M</subfield>
  </datafield>
  <datafield tag="905" ind1=" " ind2=" ">
    <subfield code="a">5232272010                          mx amel8223223322spa16</subfield>
  </datafield>
  <datafield tag="942" ind1=" " ind2=" ">
    <subfield code="2">local</subfield>
  </datafield>
  <datafield tag="942" ind1=" " ind2=" ">
    <subfield code="c">VE</subfield>
  </datafield>
  <datafield tag="999" ind1=" " ind2=" ">
    <subfield code="c">175717</subfield>
    <subfield code="d">175717</subfield>
  </datafield>
  <datafield tag="952" ind1=" " ind2=" ">
    <subfield code="0">0</subfield>
    <subfield code="1">0</subfield>
    <subfield code="2">local</subfield>
    <subfield code="4">0</subfield>
    <subfield code="5">1</subfield>
    <subfield code="7">0</subfield>
    <subfield code="8">VE</subfield>
    <subfield code="a">IA_</subfield>
    <subfield code="b">IA_</subfield>
    <subfield code="d">2022-01-18</subfield>
    <subfield code="e">El autor</subfield>
    <subfield code="l">0</subfield>
    <subfield code="o">T.C.553 S99 EIUPA 2010</subfield>
    <subfield code="p">1106005754</subfield>
    <subfield code="r">2026-01-26 00:00:00</subfield>
    <subfield code="t">Ej.2</subfield>
    <subfield code="w">2022-01-18</subfield>
    <subfield code="y">VE</subfield>
  </datafield>
  <datafield tag="952" ind1=" " ind2=" ">
    <subfield code="0">0</subfield>
    <subfield code="1">0</subfield>
    <subfield code="2">local</subfield>
    <subfield code="4">0</subfield>
    <subfield code="5">1</subfield>
    <subfield code="7">0</subfield>
    <subfield code="8">VE</subfield>
    <subfield code="a">IA_</subfield>
    <subfield code="b">IA_</subfield>
    <subfield code="d">2022-01-18</subfield>
    <subfield code="e">El autor</subfield>
    <subfield code="l">0</subfield>
    <subfield code="o">T.C.553 S99 EIUPA 2010</subfield>
    <subfield code="p">1106005751</subfield>
    <subfield code="r">2022-01-18 00:00:00</subfield>
    <subfield code="t">Ej.3</subfield>
    <subfield code="w">2022-01-18</subfield>
    <subfield code="y">CD</subfield>
  </datafield>
  <datafield tag="952" ind1=" " ind2=" ">
    <subfield code="0">0</subfield>
    <subfield code="1">0</subfield>
    <subfield code="2">local</subfield>
    <subfield code="4">0</subfield>
    <subfield code="5">1</subfield>
    <subfield code="7">0</subfield>
    <subfield code="8">VE</subfield>
    <subfield code="a">IA_</subfield>
    <subfield code="b">IA_</subfield>
    <subfield code="d">2022-01-18</subfield>
    <subfield code="e">El autor</subfield>
    <subfield code="l">0</subfield>
    <subfield code="o">T.C.553 S99 EIUPA 2010</subfield>
    <subfield code="p">1106005752</subfield>
    <subfield code="r">2022-01-18 00:00:00</subfield>
    <subfield code="t">Ej.4</subfield>
    <subfield code="w">2022-01-18</subfield>
    <subfield code="y">CD</subfield>
  </datafield>
  <datafield tag="952" ind1=" " ind2=" ">
    <subfield code="0">0</subfield>
    <subfield code="1">0</subfield>
    <subfield code="2">local</subfield>
    <subfield code="4">0</subfield>
    <subfield code="5">1</subfield>
    <subfield code="7">0</subfield>
    <subfield code="8">VE</subfield>
    <subfield code="a">IA_</subfield>
    <subfield code="b">IA_</subfield>
    <subfield code="d">2022-01-18</subfield>
    <subfield code="e">El autor</subfield>
    <subfield code="l">0</subfield>
    <subfield code="o">T.C.553 S99 EIUPA 2010</subfield>
    <subfield code="p">1106005753</subfield>
    <subfield code="r">2026-01-26 00:00:00</subfield>
    <subfield code="t">Ej.1</subfield>
    <subfield code="w">2022-01-18</subfield>
    <subfield code="y">VE</subfield>
  </datafield>
  <datafield tag="952" ind1=" " ind2=" ">
    <subfield code="0">0</subfield>
    <subfield code="1">0</subfield>
    <subfield code="2">local</subfield>
    <subfield code="4">0</subfield>
    <subfield code="7">0</subfield>
    <subfield code="8">VEE</subfield>
    <subfield code="a">IA_</subfield>
    <subfield code="b">IA_</subfield>
    <subfield code="c">E_L</subfield>
    <subfield code="d">2024-04-08</subfield>
    <subfield code="e">El autor</subfield>
    <subfield code="l">0</subfield>
    <subfield code="o">T.C.553 S99 EIUPA 2010</subfield>
    <subfield code="p">1206005753</subfield>
    <subfield code="r">2024-04-08 00:00:00</subfield>
    <subfield code="w">2024-04-08</subfield>
    <subfield code="y">VEE</subfield>
  </datafield>
</record>
